00778nam a2200181 i 450000100060000000300090000600500170001500700030003200800410003502000180007610000290009424501910012326000940031430000300040885200210043899900170045995201200047679586ES-MaACL20230906174018.0t|041022s1986 sp ||||1| spa d a84-505-4321-51 aHerrera, Juan de.96320410aHerrera y el clasicismo b: ensayos, catálogo y dibujos en torno a la arquitectura en clave clasicista : obra publicada con motivo de la exposición ... presentada el 22 nov. de 1986. aValladolid : bJunta de Castilla y León, Consejería de Educación y Cultura, c1986. a397 p. : bil. ; c30 cm. aES-MaACLjG-8638 c79586d79586 00104070aATENEOMbATENEOMcSPP3d2008-01-17eSCl0oG-8638p1083221r2023-02-23 00:00:00w2023-02-23yMONOGRAFIA